Taylor Swift 29 - Statistics

General Stats
  • This quiz has been taken 16 times
    8 since last reset
  • The average score is 250 of 302
Answer Stats
Answer % Correct
a
100%
all
100%
do
100%
don't
100%
go
100%
I
100%
if
100%
I'm
100%
in
100%
is
100%
it
100%
my
100%
on
100%
that
100%
the
100%
this
100%
to
100%
too
100%
what
100%
with
100%
you
100%
your
100%
and
80%
at
80%
be
80%
been
80%
but
80%
chest
80%
damn
80%
deal
80%
desk
80%
ever
80%
feel
80%
from
80%
get
80%
gonna
80%
haze
80%
into
80%
just
80%
lavender
80%
love
80%
me
80%
meet
80%
melancholia
80%
midnight
80%
much
80%
new
80%
night
80%
no
80%
off
80%
oh
80%
one
80%
people
80%
read
80%
really
80%
say
80%
see
80%
spiral
80%
staring
80%
stay
80%
surreal
80%
talk
80%
they
80%
they're
80%
up
80%
viral
80%
wanna
80%
1950s
60%
asking
60%
beautifully
60%
bride
60%
bringing
60%
ceiling
60%
creeping
60%
damned
60%
dizzying
60%
even
60%
find
60%
girl
60%
give
60%
handle
60%
history
60%
keep
60%
kinda
60%
listening
60%
need
60%
only
60%
or
60%
scrutiny
60%
shit
60%
under
60%
want
60%
weren't
60%
wife
60%
yeah
60%
No matching quizzes found
Score Distribution
Percent of People with Each Score
Percentile by Number Answered
Your Score History
You have not taken this quiz since the last reset